Escherichia coli proteomjának kvalitatív és kvantitatív proteomikai analízise LC-MS módszerrel [absztrakt] /

Elmentve itt :
Bibliográfiai részletek
Szerző: Csordás Regina
Testületi szerző: XIII. Eötvözet : Eötvös Loránd Kollégium konferenciája
Dokumentumtípus: Könyv része
Megjelent: Szegedi Tudományegyetem Eötvös Loránd Kollégium Szeged 2025
Sorozat:Acta Szegediensia Collegii de Rolando Eötvös Nominati : Eötvözet 13
Kulcsszavak:Molekuláris biológia - előadáskivonat
Tárgyszavak:
Online Access:http://acta.bibl.u-szeged.hu/87972
LEADER 00977naa a2200217 i 4500
001 acta87972
005 20250611130006.0
008 250611s2025 hu o 100 hun d
022 |a 2062-8439 
040 |a SZTE Egyetemi Kiadványok Repozitórium  |b hun 
041 |a hun 
100 1 |a Csordás Regina 
245 1 0 |a Escherichia coli proteomjának kvalitatív és kvantitatív proteomikai analízise LC-MS módszerrel   |h [elektronikus dokumentum] :  |b [absztrakt] /  |c  Csordás Regina 
260 |a Szegedi Tudományegyetem Eötvös Loránd Kollégium  |b Szeged  |c 2025 
300 |a 19 
490 0 |a Acta Szegediensia Collegii de Rolando Eötvös Nominati : Eötvözet  |v 13 
650 4 |a Természettudományok 
650 4 |a Biológiai tudományok 
695 |a Molekuláris biológia - előadáskivonat 
711 |a XIII. Eötvözet : Eötvös Loránd Kollégium konferenciája  |c Szeged  |d 2025. május 9-10. 
856 4 0 |u http://acta.bibl.u-szeged.hu/87972/1/eotvozet_013_019.pdf  |z Dokumentum-elérés